[Event "Bundesliga 9899"]
[Site "Germany"]
[Date "1999.03.21"]
[Round "13.8"]
[White "Kratochwil, Christian"]
[Black "Brendel, Oliver"]
[Result "1/2-1/2"]
[WhiteElo "2280"]
[BlackElo "2404"]
[PlyCount "37"]
[EventDate "1998.10.17"]
[EventType "team-tourn"]
[EventRounds "15"]
[EventCountry "GER"]
[SourceTitle "GER-chT"]
[Source "ChessBase"]
[SourceDate "1999.07.01"]
[SourceVersion "1"]
[SourceVersionDate "1999.07.01"]
[SourceQuality "1"]
[WhiteTeam "Viernheim"]
[BlackTeam "Castrop Rauxel"]
[WhiteTeamCountry "GER"]
[BlackTeamCountry "GER"]

1. c4 c5 2. Nf3 g6 3. d4 cxd4 4. Nxd4 Nc6 5. e4 Nf6 6. Nc3 Nxd4 7. Qxd4 d6 8. Be2 Bg7 9. Bg5 0-0 10. 0-0 Be6 11. Qe3 Qb6 12. b3 Qxe3 13. Bxe3 a6 14. Rac1 Rfc8 15. Bf3 Rab8 16. Ba7 Ra8 17. Be3 Rab8 18. Ba7 Ra8 19. Be3 1/2-1/2

[Event "Bundesliga 9899"]
[Site "Germany"]
[Date "1999.01.31"]
[Round "9.8"]
[White "Kummerow, Heiko"]
[Black "Kratochwil, Christian"]
[Result "1-0"]
[WhiteElo "2288"]
[BlackElo "2280"]
[PlyCount "83"]
[EventDate "1998.10.17"]
[EventType "team-tourn"]
[EventRounds "15"]
[EventCountry "GER"]
[SourceTitle "GER-chT"]
[Source "ChessBase"]
[SourceDate "1999.07.01"]
[SourceVersion "1"]
[SourceVersionDate "1999.07.01"]
[SourceQuality "1"]
[WhiteTeam "Duisburg"]
[BlackTeam "Viernheim"]
[WhiteTeamCountry "GER"]
[BlackTeamCountry "GER"]

1. e4 c5 2. Nf3 Nc6 3. d4 cxd4 4. Nxd4 g6 5. c4 Bg7 6. Be3 Nf6 7. Nc3 d6 8. Be2 0-0 9. 0-0 Bd7 10. f3 Nxd4 11. Bxd4 a5 12. b3 Bc6 13. Qd2 Nd7 14. Be3 Nc5 15. Rab1 Qb6 16. Rfc1 Rfc8 17. Bd1 Qd8 18. a3 Qf8 19. b4 axb4 20. axb4 Ne6 21. b5 Be8 22. Na4 h5 23. Nb6 Ra3 24. Bf2 Rc5 25. Qb4 Ra2 26. Rc2 Rxc2 27. Bxc2 Bd4 28. Bxd4 Nxd4 29. Qd2 Qg7 30. Bd3 h4 31. h3 e6 32. Rd1 f6 33. Bf1 e5 34. Qf2 g5 35. Ra1 Qc7 36. Nd5 Qd8 37. f4 Bg6 38. fxe5 fxe5 39. Ra7 Rxd5 40. cxd5 Qb6 41. Ra8+ Kh7 42. Kh1 1-0

[Event "Bundesliga 9899"]
[Site "Germany"]
[Date "1998.12.13"]
[Round "6.8"]
[White "Kratochwil, Christian"]
[Black "Sievers, Stefan"]
[Result "0-1"]
[WhiteElo "2280"]
[BlackElo "2340"]
[PlyCount "102"]
[EventDate "1998.10.17"]
[EventType "team-tourn"]
[EventRounds "15"]
[EventCountry "GER"]
[SourceTitle "GER-chT"]
[Source "ChessBase"]
[SourceDate "1999.07.01"]
[SourceVersion "1"]
[SourceVersionDate "1999.07.01"]
[SourceQuality "1"]
[WhiteTeam "Viernheim"]
[BlackTeam "Hamburger SK"]
[WhiteTeamCountry "GER"]
[BlackTeamCountry "GER"]

1. c4 c5 2. Nf3 Nc6 3. Nc3 Nf6 4. g3 d5 5. cxd5 Nxd5 6. Nxd5 Qxd5 7. Bg2 g6 8. d3 Bg7 9. 0-0 0-0 10. Be3 Bd7 11. Nd4 Qd6 12. Nxc6 Bxc6 13. Bxc6 Qxc6 14. Rc1 Qa6 15. Qb3 b6 16. Rfd1 Rfd8 17. Rc4 Rd7 18. a3 h5 19. h4 e6 20. Qc2 Rd5 21. Rc1 Rad8 22. Ra4 Qb7 23. b4 Bf8 24. b5 Bg7 25. Rc4 Bd4 26. Bxd4 Rxd4 27. Qb2 e5 28. a4 e4 29. Rxd4 Rxd4 30. Rc4 Rxc4 31. dxc4 Qd7 32. Qc2 Qe6 33. Qc3 Qd6 34. Qc2 e3 35. Kg2 Qd2 36. Qe4 Qxe2 37. Qe8+ Kg7 38. Qe5+ Kh7 39. Qxe3 Qxc4 40. Qe7 Qd5+ 41. Kg1 c4 42. Qxa7 c3 43. Qc7 Qb3 44. a5 bxa5 45. b6 c2 46. b7 Qxb7 47. Qxb7 c1Q+ 48. Kh2 Qc4 49. Qb2 a4 50. f3 Qb3 51. Qf6 a3 0-1